|
|
|
|
| LEADER |
01109nam a2200277 u 4500 |
| 001 |
10021935 |
| 003 |
upatras |
| 005 |
20221109134327.0 |
| 008 |
990511s1995 gr gre |
| 020 |
|
|
|a 9602210990
|
| 040 |
|
|
|a GR-PaULI
|c GR-PaULI
|
| 041 |
0 |
|
|a gre
|
| 082 |
0 |
4 |
|a 889.3
|
| 100 |
1 |
|
|a Θεοφίλου, Φαίδων Ε.,
|d 1947-
|9 15777
|
| 245 |
1 |
0 |
|a Ο Θεός στο καφενείο
|c Φαίδων Θεοφίλου
|
| 260 |
|
|
|a Αθήνα
|b Αλεξάνδρεια
|c 1995
|
| 300 |
|
|
|a 92 σ.
|c 21 εκ.
|
| 490 |
0 |
|
|a Ελληνική πεζογραφία
|
| 650 |
|
4 |
|a Νεοελληνική λογοτεχνία
|9 320
|
| 650 |
|
4 |
|a Νεοελληνικό διήγημα
|9 4052
|
| 760 |
0 |
|
|a Ελληνική πεζογραφία
|
| 852 |
|
|
|a GR-PaULI
|b ΠΑΤΡΑ
|b ΒΚΠ
|b ΒΣ2
|k ΑΣΧΕ
|h 889.3 ΘΕΟ
|m 043349
|p 025000056404
|t 1
|
| 942 |
|
|
|2 ddc
|c BK15
|
| 952 |
|
|
|0 0
|1 0
|4 0
|6 889_300000000000000_ΘΕΟ
|7 0
|9 185326
|a LISP
|b LISP
|c BSC
|d 2016-04-24
|i 043349
|l 0
|o 889.3 ΘΕΟ
|p 025000056404
|r 2016-04-24 00:00:00
|t 1
|w 2016-04-24
|y BK15
|
| 998 |
|
|
|c ΠΑΝΑΓΟΠΟΥΛΟΥ
|d 1999-05
|
| 999 |
|
|
|c 114197
|d 114197
|